000 00520 a2200169 4500
001 131982
003 OSt
005 20211007120317.0
008
082 _a823.9109954
_bB22I
100 1 _aBandyopadhyay, Sumana
245 1 _aIndianisation of english
_cby Sumana Bandyopadhyay
260 _aNew Delhi
_bConcept Publishing
_c2010
300 _a184p.
690 _aIndia; English language--Variation; English literature--Indic influences; Indic fiction (English)
942 _2ddc
_cBK
999 _c6372
_d6372